MARC details
| 000 -LEADER |
| fixed length control field |
01787cam a2200349 a 4500 |
| 001 - CONTROL NUMBER |
| control field |
1190149 |
| 003 - CONTROL NUMBER IDENTIFIER |
| control field |
OSt |
| 005 - DATE AND TIME OF LATEST TRANSACTION |
| control field |
20230605111748.0 |
| 008 - FIXED-LENGTH DATA ELEMENTS--GENERAL INFORMATION |
| fixed length control field |
970718s1995 pl a f100 0 eng d |
| 010 ## - LIBRARY OF CONGRESS CONTROL NUMBER |
| LC control number |
97173935 |
| 035 ## - SYSTEM CONTROL NUMBER |
| System control number |
(CStRLIN)NYDW9322374-B |
| 040 ## - CATALOGING SOURCE |
| Original cataloging agency |
SzGBNU |
| Transcribing agency |
SzGBNU |
| Modifying agency |
CStRLIN |
| -- |
DLC |
| 042 ## - AUTHENTICATION CODE |
| Authentication code |
lccopycat |
| 082 ## - DEWEY DECIMAL CLASSIFICATION NUMBER |
| Classification number |
328.4380522 |
| Item number |
LUK |
| 111 2# - MAIN ENTRY--MEETING NAME |
| Meeting name or jurisdiction name as entry element |
International Conference on Parliamentary Rules of Procedure and Parliamentary Practice |
| Date of meeting |
(1994 : |
| Location of meeting |
Pułtusk, Poland) |
| 245 10 - TITLE STATEMENT |
| Title |
Rules of procedure and parliamentary practice : |
| Remainder of title |
the proceedings of the International Conference on Parliamentary Rules of Procedure and Parliamentary Practice, Pułtusk, 8-11 May 1994 / |
| Statement of responsibility, etc. |
edited by Danuta Łukasz, Wieslaw Staśkiewicz. |
| 260 ## - PUBLICATION, DISTRIBUTION, ETC. (IMPRINT) |
| Place of publication, distribution, etc. |
Warsaw : |
| Name of publisher, distributor, etc. |
Bureau of Research, Chancellory of the Sejm of the Republic of Poland, |
| Date of publication, distribution, etc. |
1995. |
| 300 ## - PHYSICAL DESCRIPTION |
| Extent |
284 p. : |
| Other physical details |
ill. ; |
| Dimensions |
24 cm. |
| 500 ## - GENERAL NOTE |
| General note |
"Co-sponsored by Special Task Force on the Development of Parliamentary Institutions in Eastern Europe, U.S. House of Representatives, European Parliament, Parliamentary Assembly of the Council of Europe." |
| 650 #0 - SUBJECT ADDED ENTRY--TOPICAL TERM |
| Topical term or geographic name as entry element |
Parliamentary practice |
| General subdivision |
Congresses. |
| 650 #0 - SUBJECT ADDED ENTRY--TOPICAL TERM |
| Topical term or geographic name as entry element |
Legislative bodies |
| General subdivision |
Congresses. |
| 650 #0 - SUBJECT ADDED ENTRY--TOPICAL TERM |
| Topical term or geographic name as entry element |
Legislation |
| General subdivision |
Congresses. |
| 700 0# - ADDED ENTRY--PERSONAL NAME |
| Personal name |
Łukasz, Danuta. |
| 700 0# - ADDED ENTRY--PERSONAL NAME |
| Personal name |
Staśkiewicz, Wiesław. |
| 710 1# - ADDED ENTRY--CORPORATE NAME |
| Corporate name or jurisdiction name as entry element |
Poland. |
| Subordinate unit |
Sejm. |
| -- |
Biuro Studiów i Ekspertyz. |
| 710 1# - ADDED ENTRY--CORPORATE NAME |
| Corporate name or jurisdiction name as entry element |
United States. |
| Subordinate unit |
Congress. |
| -- |
House. |
| -- |
Special Task Force on the Development of Parliamentary Institutions in Eastern Europe. |
| 710 2# - ADDED ENTRY--CORPORATE NAME |
| Corporate name or jurisdiction name as entry element |
European Parliament. |
| 710 2# - ADDED ENTRY--CORPORATE NAME |
| Corporate name or jurisdiction name as entry element |
Council of Europe. |
| Subordinate unit |
Parliamentary Assembly. |
| 906 ## - LOCAL DATA ELEMENT F, LDF (RLIN) |
| a |
7 |
| b |
cbc |
| c |
copycat |
| d |
2 |
| e |
ncip |
| f |
19 |
| g |
y-gencatlg |
| 942 ## - ADDED ENTRY ELEMENTS (KOHA) |
| Source of classification or shelving scheme |
Dewey Decimal Classification |
| Koha item type |
Books |